[Event "Titled Tuesday intern op 26th Sep Early"]
[Site "Chess.com INT"]
[Date "2023.09.26"]
[Round "2"]
[White "Rodriguez Dominguez, Melissa"]
[Black "Balla, Tamas Kristof"]
[Result "0-1"]
[WhiteElo "2011"]
[BlackElo "2308"]
[PlyCount "68"]
[EventDate "2023.09.26"]
[EventType "swiss (blitz)"]
[EventRounds "11"]
[EventCountry "USA"]
[SourceTitle "EXT 2024"]
[Source "ChessBase"]
[SourceDate "2023.10.10"]
[SourceVersion "1"]
[SourceVersionDate "2023.10.10"]
[SourceQuality "1"]

1. e4 c5 2. Nf3 Nc6 3. d4 cxd4 4. Nxd4 e5 5. Nb5 d6 6. c4 Be7 7. N1c3 a6 8. Na3 f5 9. exf5 Bxf5 10. Bd3 Be6 11. 0-0 Nf6 12. f4 0-0 13. f5 Bf7 14. g4 d5 15. g5 Bh5 16. Be2 Bxe2 17. Qxe2 Ne4 18. Nxd5 Nxg5 19. Nxe7+ Qxe7 20. Qg4 h6 21. h4 Nh7 22. Bxh6 Kh8 23. Bg5 Qc5+ 24. Kh1 Rae8 25. Rg1 Rf7 26. Qh5 Ref8 27. Raf1 Nd4 28. Qg6 Nxf5 29. h5 Ng3+ 30. Rxg3 Rxf1+ 31. Kh2 Qf2+ 32. Rg2 Qf5 33. Qxf5 R8xf5 34. Nc2 Nxg5 0-1

[Event "Titled Tuesday intern op 26th Sep Early"]
[Site "Chess.com INT"]
[Date "2023.09.26"]
[Round "10"]
[White "Sarkar, Justin"]
[Black "Rodriguez Dominguez, Melissa"]
[Result "0-1"]
[WhiteElo "2290"]
[BlackElo "2011"]
[PlyCount "76"]
[EventDate "2023.09.26"]
[EventType "swiss (blitz)"]
[EventRounds "11"]
[EventCountry "USA"]
[SourceTitle "EXT 2024"]
[Source "ChessBase"]
[SourceDate "2023.10.10"]
[SourceVersion "1"]
[SourceVersionDate "2023.10.10"]
[SourceQuality "1"]

1. d4 d5 2. c4 c6 3. Nf3 Nf6 4. e3 e6 5. Bd3 Bd6 6. 0-0 0-0 7. b3 b6 8. Bb2 Bb7 9. Qc2 h6 10. Nc3 c5 11. cxd5 exd5 12. Nb5 Be7 13. Rfd1 a6 14. Nc3 Nc6 15. Bf5 Nb4 16. Qe2 g6 17. Bh3 Bc8 18. Bxc8 Qxc8 19. a3 cxd4 20. Rxd4 Nc6 21. Nxd5 Nxd5 22. Rxd5 Bf6 23. Rc1 Bxb2 24. Qxb2 Qe6 25. Rd2 Rac8 26. Rcd1 Ne7 27. h4 Nf5 28. h5 gxh5 29. Nd4 Nxd4 30. Rxd4 Rc6 31. Rd8 Qf6 32. Rxf8+ Kxf8 33. Qd2 Kg7 34. Qd7 Rc2 35. Rf1 Rc3 36. e4 Rxb3 37. f4 Rxa3 38. e5 Qe6 0-1

[Event "FIDE World Uni Blitz-A 1st"]
[Site "Tornelo INT"]
[Date "2021.03.13"]
[Round "4.35"]
[White "Burignat, Yohan"]
[Black "Rodriguez Dominguez, Melissa"]
[Result "1-0"]
[WhiteElo "1712"]
[BlackElo "2103"]
[PlyCount "99"]
[EventDate "2021.03.13"]
[EventType "swiss (blitz)"]
[EventRounds "10"]
[EventCountry "NET"]
[SourceTitle "EXT 2022"]
[Source "ChessBase"]
[SourceDate "2021.10.06"]
[SourceVersion "1"]
[SourceVersionDate "2021.10.06"]
[SourceQuality "1"]

1. d4 d5 2. c4 c6 3. Nf3 Nf6 4. Nc3 e6 5. cxd5 exd5 6. Bg5 Be7 7. e3 0-0 8. Bd3 h6 9. Bh4 Bg4 10. h3 Be6 11. Qc2 Nbd7 12. 0-0 c5 13. Rac1 c4 14. Bf5 Bxf5 15. Qxf5 g6 16. Qf4 Kg7 17. Bxf6+ Nxf6 18. e4 dxe4 19. Nxe4 Nxe4 20. Qxe4 b5 21. Rfe1 Bd6 22. Ne5 Qc7 23. f4 Rae8 24. g3 a6 25. b3 c3 26. Qd3 b4 27. Nc4 Be7 28. Ne5 Bf6 29. Re2 Rd8 30. Kh2 Qd6 31. Qe4 Qxd4 32. Rce1 Qxe4 33. Rxe4 Rd2+ 34. Kg1 c2 35. Rc4 Rd1 36. Kf2 Rd2+ 37. Re2 Rfd8 38. Rxc2 Rxe2+ 39. Rxe2 g5 40. Nc4 gxf4 41. gxf4 Bd4+ 42. Kf3 h5 43. Rg2+ Kf6 44. Rg5 Bc3 45. Rxh5 Rd3+ 46. Ke4 Rd4+ 47. Ke3 Rd1 48. Rh6+ Kg7 49. Rxa6 Bd4+ 50. Ke4 1-0

[Event "FIDE World Uni Blitz-A 1st"]
[Site "Tornelo INT"]
[Date "2021.03.13"]
[Round "3.9"]
[White "Rodriguez Dominguez, Melissa"]
[Black "Raja, Harshit"]
[Result "0-1"]
[WhiteElo "2103"]
[BlackElo "2472"]
[PlyCount "70"]
[EventDate "2021.03.13"]
[EventType "swiss (blitz)"]
[EventRounds "10"]
[EventCountry "NET"]
[SourceTitle "EXT 2022"]
[Source "ChessBase"]
[SourceDate "2021.10.06"]
[SourceVersion "1"]
[SourceVersionDate "2021.10.06"]
[SourceQuality "1"]

1. e4 c5 2. Nf3 d6 3. d4 cxd4 4. Nxd4 Nf6 5. Nc3 a6 6. Be2 e5 7. Nb3 Be7 8. 0-0 0-0 9. Re1 Be6 10. Bf3 Nbd7 11. a4 Rc8 12. a5 Re8 13. Nd2 Nb8 14. Nf1 Nc6 15. Ne3 Nxa5 16. Ncd5 Nc4 17. b3 Nb6 18. c4 Nfd7 19. Ba3 Bf8 20. Nc3 Nc5 21. Nf5 g6 22. Ne3 Bg7 23. h4 f5 24. exf5 gxf5 25. b4 Ne4 26. Nxe4 fxe4 27. Bxe4 Qxh4 28. g3 Qxe4 29. c5 dxc5 30. bxc5 Nd5 31. Qh5 Qg6 32. Qxg6 hxg6 33. Nc4 Red8 34. Nxe5 Nc3 35. f4 Nb5 0-1

[Event "FIDE World Uni Blitz-A 1st"]
[Site "Tornelo INT"]
[Date "2021.03.13"]
[Round "9.32"]
[White "Wickramasinghe, Hiruna"]
[Black "Rodriguez Dominguez, Melissa"]
[Result "1-0"]
[WhiteElo "1476"]
[BlackElo "2103"]
[PlyCount "59"]
[EventDate "2021.03.13"]
[EventType "swiss (blitz)"]
[EventRounds "10"]
[EventCountry "NET"]
[SourceTitle "EXT 2022"]
[Source "ChessBase"]
[SourceDate "2021.10.06"]
[SourceVersion "1"]
[SourceVersionDate "2021.10.06"]
[SourceQuality "1"]

1. e4 c5 2. Nc3 a6 3. a4 b6 4. Bc4 e6 5. f4 Bb7 6. d3 Nf6 7. Nf3 d5 8. exd5 exd5 9. Bb3 d4 10. Na2 Bd6 11. 0-0 0-0 12. Qe1 Nh5 13. Ne5 Bxe5 14. fxe5 Bd5 15. Qe2 Nc6 16. Qxh5 Bxb3 17. cxb3 Qd5 18. Qf3 Qxb3 19. Qxc6 Qxd3 20. Qf3 Qc4 21. Bg5 Rae8 22. Qg3 Kh8 23. Nc1 Qd5 24. Nd3 c4 25. Nf4 Qe4 26. Rae1 Qf5 27. Nh5 Qg6 28. Nf4 Qc2 29. Re2 Qf5 30. Nh3 1-0

[Event "Guillermo Garcia Memorial op 27th"]
[Site "Santa Clara"]
[Date "2018.05.23"]
[Round "2"]
[White "Chaviano Espina, Miguel Orlando"]
[Black "Rodriguez Dominguez, Melissa"]
[Result "1/2-1/2"]
[WhiteElo "2202"]
[BlackElo "2095"]
[PlyCount "131"]
[EventDate "2018.05.22"]
[EventType "swiss"]
[EventRounds "9"]
[EventCountry "CUB"]
[SourceTitle "CBM 184 Extra"]
[Source "ChessBase"]
[SourceDate "2018.06.28"]
[SourceVersion "1"]
[SourceVersionDate "2018.06.28"]
[SourceQuality "1"]

1. e4 c5 2. c4 e5 3. Nc3 g6 4. d3 Bg7 5. g3 Nc6 6. Bg2 d6 7. Nge2 Nge7 8. 0-0 0-0 9. a3 f5 10. exf5 Nxf5 11. Rb1 Be6 12. b4 cxb4 13. axb4 Qd7 14. Nd5 Nfd4 15. Nxd4 Nxd4 16. Be3 Nf5 17. Qe2 Ne7 18. Nxe7+ Qxe7 19. Ra1 a6 20. Ra5 Qc7 21. Bd5 Bxd5 22. Rxd5 Rac8 23. Qg4 Rfe8 24. Qe4 Qc6 25. Rc1 b6 26. b5 axb5 27. Rxb5 Qxe4 28. dxe4 Rc6 29. Rxb6 Rec8 30. Rxc6 Rxc6 31. Kf1 Kf7 32. Ke2 Ke6 33. Kd3 Bf6 34. h4 h5 35. Ra1 Be7 36. Ra7 Bf6 37. Ra8 Be7 38. Rg8 Kf7 39. Rb8 Ke6 40. Bg5 Bxg5 41. hxg5 Kf7 42. Rb7+ Kg8 43. Re7 Ra6 44. Rc7 Ra3+ 45. Ke2 Ra2+ 46. Kf3 Ra3+ 47. Kg2 Rc3 48. Rc6 Kg7 49. Rc7+ Kg8 50. Kf1 Rc2 51. Kg2 Rc3 52. Rc6 Kg7 53. Kh3 Rc2 54. Rxd6 Rxc4 55. f3 Rc3 56. Rf6 Rc2 57. Re6 Rf2 58. Rf6 Re2 59. g4 hxg4+ 60. Kxg4 Rg2+ 61. Kh4 Rg1 62. f4 exf4 63. Rxf4 Rh1+ 64. Kg4 Rg1+ 65. Kh4 Rh1+ 66. Kg3 1/2-1/2

[Event "CUB-ch U18 Girls"]
[Site "Camaguey"]
[Date "2017.06.21"]
[Round "1.2"]
[White "Fernandez Bustamante, Leancy B"]
[Black "Rodriguez Dominguez, Melissa"]
[Result "0-1"]
[WhiteElo "1895"]
[BlackElo "2146"]
[PlyCount "62"]
[EventDate "2017.06.21"]
[EventType "swiss"]
[EventRounds "9"]
[EventCountry "CUB"]
[SourceTitle "EXT 2023"]
[Source "ChessBase"]
[SourceDate "2022.10.05"]
[SourceVersion "1"]
[SourceVersionDate "2022.10.05"]
[SourceQuality "1"]

1. e4 c5 2. Nf3 e6 3. d4 cxd4 4. Nxd4 Nc6 5. Nc3 Qc7 6. Ndb5 Qb8 7. Be3 a6 8. Bb6 axb5 9. Nxb5 Bb4+ 10. c3 Ba5 11. Nc7+ Qxc7 12. Bxc7 Bxc7 13. Qg4 g6 14. Bb5 Nge7 15. 0-0 0-0 16. a4 f5 17. exf5 Nxf5 18. b4 Ne5 19. Qe2 b6 20. f4 Nf7 21. Rad1 N7d6 22. Rf2 Nxb5 23. Qxb5 Rf7 24. Qc4 d5 25. Qc6 Ra7 26. Qe8+ Rf8 27. Qb5 Ne3 28. Re1 Nc4 29. g3 Rd8 30. a5 Bd7 31. axb6 Bxb6 0-1

[Event "Capablanca Memorial op 52nd"]
[Site "Matanzas"]
[Date "2017.05.27"]
[Round "1"]
[White "Rodriguez Dominguez, Melissa"]
[Black "Serrato, Rafael Antonio"]
[Result "0-1"]
[WhiteElo "2131"]
[BlackElo "1836"]
[PlyCount "56"]
[EventDate "2017.05.27"]
[EventType "swiss"]
[EventRounds "10"]
[EventCountry "CUB"]
[SourceTitle "EXT 2018"]
[Source "ChessBase"]
[SourceDate "2017.10.13"]
[SourceVersion "1"]
[SourceVersionDate "2017.10.13"]
[SourceQuality "1"]

1. e4 c5 2. Nf3 e6 3. d4 cxd4 4. Nxd4 a6 5. Nc3 Nc6 6. Nxc6 bxc6 7. Bd3 Be7 8. 0-0 Nf6 9. e5 Ng8 10. Ne4 f5 11. Nd6+ Bxd6 12. exd6 Nf6 13. b3 0-0 14. Bb2 Bb7 15. Qe2 Rf7 16. Rad1 Qf8 17. c4 c5 18. f3 g5 19. Qe5 h5 20. g4 hxg4 21. fxg4 Qh6 22. gxf5 Re8 23. fxe6 Rxe6 24. Qg3 Nh5 25. Qg4 Nf4 26. Rxf4 Rxf4 27. Qg3 Qh5 28. h3 Qxd1+ 0-1

[Event "Guillermo Garcia Memorial op 26th"]
[Site "Santa Clara"]
[Date "2017.05.25"]
[Round "9"]
[White "Campos Jimenez, Augusto Cesar"]
[Black "Rodriguez Dominguez, Melissa"]
[Result "1-0"]
[WhiteElo "2283"]
[BlackElo "2131"]
[PlyCount "111"]
[EventDate "2017.05.16"]
[EventType "swiss"]
[EventRounds "9"]
[EventCountry "CUB"]
[SourceTitle "CBM 178 Extra"]
[Source "ChessBase"]
[SourceDate "2017.06.22"]
[SourceVersion "1"]
[SourceVersionDate "2017.06.22"]
[SourceQuality "1"]

1. Nf3 Nf6 2. c4 c5 3. Nc3 d5 4. cxd5 Nxd5 5. e4 Nc7 6. d4 cxd4 7. Qxd4 Qxd4 8. Nxd4 e5 9. Ndb5 Nxb5 10. Nxb5 Na6 11. Bd2 Bd7 12. Bc3 f6 13. Rd1 Bc6 14. f3 Bc5 15. Bc4 Ke7 16. Ke2 Rhd8 17. a3 Bxb5 18. Bxb5 Nc7 19. Bc4 Ne6 20. Bxe6 Kxe6 21. g3 f5 22. exf5+ Kxf5 23. Rhe1 Bd4 24. Bxd4 exd4 25. Kd3 Re8 26. Re4 Rxe4 27. fxe4+ Ke5 28. Rf1 Rc8 29. Rf7 Rc1 30. Rxg7 Rd1+ 31. Kc2 Re1 32. Kd2 Rg1 33. Re7+ Kf6 34. Rxb7 Rg2+ 35. Kd3 Rxh2 36. b4 Rh3 37. Kxd4 Rxg3 38. Rxh7 Rxa3 39. b5 Ra1 40. Kd5 Rd1+ 41. Kc6 Rc1+ 42. Kb7 Rb1 43. Rh5 Ra1 44. Rh6+ Ke5 45. Ra6 Rb1 46. Ra5 Kxe4 47. Kxa7 Kd5 48. b6+ Kc6 49. Ra2 Rb3 50. Rc2+ Kd7 51. b7 Ra3+ 52. Kb8 Ra1 53. Rd2+ Ke7 54. Rd4 Rc1 55. Ra4 Kd7 56. Ka8 1-0